Organic syntheses (Record no. 9824)
[ view plain ]
| 000 -LEADER | |
|---|---|
| fixed length control field | 00612nam a22001697a 4500 |
| 005 - DATE AND TIME OF LATEST TRANSACTION | |
| control field | 20091029151315.0 |
| 008 - FIXED-LENGTH DATA ELEMENTS--GENERAL INFORMATION | |
| fixed length control field | 091029t xxu||||| |||| 00| 0 eng d |
| 020 ## - INTERNATIONAL STANDARD BOOK NUMBER | |
| International Standard Book Number | 0-471-85243-0 |
| 080 ## - UNIVERSAL DECIMAL CLASSIFICATION NUMBER | |
| Universal Decimal Classification number | 547.057 |
| Item number | ORG.6 |
| 100 ## - MAIN ENTRY--PERSONAL NAME | |
| Personal name | Noland, Wayland E. [ed.] |
| Role | ed.by |
| 245 ## - TITLE STATEMENT | |
| Title | Organic syntheses: |
| Remainder of title | collective volume 6: a revised edition of annual volumes 50-59 |
| 260 ## - PUBLICATION, DISTRIBUTION, ETC. (IMPRINT) | |
| Place of publication, distribution, etc | New York |
| Name of publisher, distributor, etc | John Wiley & Sons |
| Date of publication, distribution, etc | 2005 |
| 300 ## - PHYSICAL DESCRIPTION | |
| Extent | xx, 1212p. |
| 653 ## - INDEX TERM--UNCONTROLLED | |
| Uncontrolled term | Organic syntheses |
| 942 ## - ADDED ENTRY ELEMENTS (KOHA) | |
| item type | Reference |
| 260 ## - PUBLICATION, DISTRIBUTION, ETC. (IMPRINT) | |
| -- | 9145 |
| Lost status | Source of classification or shelving scheme | Not for loan | Home library | Current library | Date acquired | Total Checkouts | Full call number | Barcode | Date last seen | Price effective from | Koha item type |
|---|---|---|---|---|---|---|---|---|---|---|---|
| Universal Decimal Classification | University Library | University Library | 29/10/2009 | 547.057 ORG.6 | 00055787 | 29/10/2009 | 29/10/2009 | Reference |
